LIBRARY & INFORMATION CENTRE, KCAET, TAVANUR

ONLINE PUBLIC ACCESS CATALOGUE (OPAC)

Ford madox ford / (Record no. 6261)

MARC details
000 -LEADER
fixed length control field 00383cam a2200145ua 4500
041 ## - LANGUAGE CODE
Language code of text/sound track or separate title eng
082 ## - DEWEY DECIMAL CLASSIFICATION NUMBER
Classification number 928.2
Item number YOU/FO
100 ## - MAIN ENTRY--AUTHOR NAME
Personal name Young, Kenneth .
245 ## - TITLE STATEMENT
Title Ford madox ford /
260 ## - PUBLICATION, DISTRIBUTION, ETC. (IMPRINT)
Place of publication Congmans :
Name of publisher The British council and the national book league ,
Year of publication 1956.
300 ## - PHYSICAL DESCRIPTION
Number of Pages 43 ; .
942 ## - ADDED ENTRY ELEMENTS (KOHA)
Koha item type Books
Holdings
Withdrawn status Lost status Damaged status Home library Current library Date acquired Full call number Accession Number Koha item type
Withdrawn     KAUAET Sanskrit University 07/04/2012 928.2 5412 Books
free website counter